|
|
|
|
| LEADER |
00000nam a22000007a 4500 |
| 005 |
20111003110914.0 |
| 008 |
111003s2009 cl |||||s|||| 00||0 spa d |
| 020 |
|
|
|a 978-956-10-1938-6
|
| 035 |
|
|
|a 5819
|
| 040 |
|
|
|a vLex
|
| 090 |
|
|
|c 2583
|d 2583
|
| 100 |
1 |
|
|a del Ro̕ Ferretti, Carlos
|
| 245 |
1 |
4 |
|a Los Poderes de Decisin̤ del Juez Penal
|h [Recurso electrn̤ico] :
|b Principio Acusatorio y determinadas Garanta̕s Procesales (el deber de correlacin̤) /
|c Carlos del Ro̕ Ferretti
|
| 256 |
|
|
|a Servicio en ln̕ea.
|
| 260 |
|
|
|a [Chile] :
|b Editorial jurd̕ica de Chile,
|c 2009.
|
| 300 |
|
|
|a 1 recurso electrn̤ico
|
| 506 |
1 |
|
|a Contenido solo disponible en los productos indicados
|d vLex Global
|d vLex Global (Academic Edition, excluding Law Schools)
|d vLex Global (U.S. Academic Edition, Law Schools)
|d vLex Global (U.S. Academic Edition, excluding Law Schools)
|d vLex Global (Academic Edition, Law Schools)
|
| 650 |
0 |
4 |
|a Sistema acusatorio y sistema inquisitivo
|z Chile
|
| 740 |
0 |
|
|a vLex Libros (Servicio en ln̕ea)
|
| 856 |
4 |
0 |
|u http://vlex.com/source/poderes-decision-juez-penal-principio-acusatorio-garantias-procesales-5819
|z Acceso restringido
|
| 942 |
|
|
|c BOOK
|